000 00324nam a2200157Ia 4500
100 _aGanssle/jack
650 _aEmbedded
942 _cRB
366 _f25
245 _aEmbedded systems:World class designs
260 _bElsevier
_c2008
082 _a3.3
_bGAN
300 _a563
546 _aENGLISH
_cTTL
999 _c22110
_d22110